MLB 2023 All-Star Game Rosters - Statistics

General Stats
  • This quiz has been taken 302 times
  • The average score is 27 of 64
Answer Stats
Position Player % Correct
DH/SP Shohei Ohtani
80%
1B Freddie Freeman
77%
OF Mookie Betts
74%
OF Aaron Judge
73%
2B Marcus Semien
69%
SS Corey Seager
68%
OF Mike Trout
68%
OF Ronald Acuña Jr.
66%
SP Gerrit Cole
65%
1B Matt Olson
64%
1B Yandy Díaz
63%
C Elías Díaz
62%
RP Alexis Díaz
61%
1B Vladimir Guerrero Jr.
61%
C Jonah Heim
59%
C Adley Rutschman
58%
OF Juan Soto
56%
C Will Smith
56%
3B Josh Jung
52%
3B Nolan Arenado
52%
OF Adolis García
51%
3B Austin Riley
51%
C Sean Murphy
50%
OF Randy Arozarena
49%
OF Corbin Carroll
48%
OF Yordan Alvarez
48%
SS Orlando Arcia
47%
2B Ozzie Albies
47%
1B Pete Alonso
47%
SP Clayton Kershaw
44%
SS Bo Bichette
43%
3B José Ramírez
43%
C Salvador Pérez
42%
2B Luis Arráez
40%
DH J.D. Martinez
36%
SP Spencer Strider
36%
SS Dansby Swanson
35%
SP Sonny Gray
35%
SP Josiah Gray
34%
SP Zac Gallen
34%
RP Josh Hader
32%
OF Luis Robert Jr.
32%
SP Luis Castillo
28%
SP Nathan Eovaldi
28%
OF Nick Castellanos
28%
RP Emmanuel Clase
27%
SP Framber Valdez
27%
RP Devin Williams
25%
RP Félix Bautista
25%
SP Shane McClanahan
25%
DH Brent Rooker
24%
SP Michael Lorenzen
24%
SP Justin Steele
23%
SP Kevin Gausman
23%
SP Marcus Stroman
23%
OF Lourdes Gurriel Jr.
20%
RP Yennier Cano
20%
RP Camilo Doval
19%
RP Kenley Jansen
19%
SP Mitch Keller
19%
OF Austin Hays
18%
DH Jorge Soler
17%
2B Whit Merrifield
16%
SP Bryce Elder
14%
No matching quizzes found
Score Distribution
Percent of People with Each Score
Percentile by Number Answered
Your Score History
You have not taken this quiz